<?xml version="1.0" encoding="UTF-8"?>
<record
    xmlns:xsi="http://www.w3.org/2001/XMLSchema-instance"
    xsi:schemaLocation="http://www.loc.gov/MARC21/slim http://www.loc.gov/standards/marcxml/schema/MARC21slim.xsd"
    xmlns="http://www.loc.gov/MARC21/slim">

  <leader>00355    a2200109   4500</leader>
  <controlfield tag="001">ART_28289</controlfield>
  <controlfield tag="005">20260410161852.0</controlfield>
  <controlfield tag="008">260409a                                 </controlfield>
  <datafield tag="245" ind1="1" ind2="0">
    <subfield code="a">Un siglo es demasiado tiempo</subfield>
  </datafield>
  <datafield tag="100" ind1="1" ind2=" ">
    <subfield code="a">Arese, C&#xE9;sar</subfield>
  </datafield>
  <datafield tag="773" ind1="0" ind2=" ">
    <subfield code="t">Derecho del trabajo</subfield>
    <subfield code="g">A 40 a&#xF1;os de la Ley de Contrato de Trabajo - A&#xF1;o III, N&#xBA; 9 (dic. 2014)</subfield>
    <subfield code="w">REV10447</subfield>
  </datafield>
  <datafield tag="999" ind1=" " ind2=" ">
    <subfield code="c">25152</subfield>
    <subfield code="d">25152</subfield>
  </datafield>
</record>
